00734cam a2200205 a 450000100100000000500170001000800410002704000290006808200230009710000430012024501020016325000110026526000510027630000270032749000460035450000330040065000210043365000260045483000480048000001952520200929170039.0980527s1954 ag b 001 d spa d aDO-SdBNPbspacLCdBNPHU a862.5bA749a, 19541 aArniches y Barrera, Carlos,d1866-194313aEl amigo Melquiades o por la boca muere el pez :bla señorita de Trevélez /cCarlos Arniches. a2a ed. aBuenos Aires :bEspasa-Calpe Argentina,c1954. a145, [16] p. ;c18 cm.1 aAustral. Violeta: teatro y poesíav1223 aIncluye índice de autores. 4aTeatro español 4aLiteratura española 0aAustral.pVioleta: teatro y poesía;v1223